000 01322cam a2200301 a 4500
999 _c328536
_d328536
001 15003656
003 Nust
005 20170411125915.0
008 070912s2008 nyu 000 1 eng
010 _a 2007037579
020 _a9780747594536
035 _a(OCoLC)173135890
035 _a(OCoLC)ocn173135890
040 _aDLC
_cDLC
_dBAKER
_dBTCTA
_dYDXCP
_dC#P
_dVP@
_dDLC
050 0 0 _aPR6070.R57
_bF75 2008
082 0 0 _a823.914
_bTRO
100 1 _aTrollope, Joanna.
245 1 0 _aFriday nights :
_ba novel /
_cJoanna Trollope.
250 _a1st U.S. ed.
260 _aNew York :
_bBloomsbury :
_bDistributed to the trade by Macmillan,
_c2008.
300 _a330 p. ;
_c25 cm.
650 0 _aFemale friendship
_vFiction.
655 7 _aLove stories.
_2gsafd
856 4 2 _3Contributor biographical information
_uhttp://www.loc.gov/catdir/enhancements/fy0807/2007037579-b.html
856 4 2 _3Publisher description
_uhttp://www.loc.gov/catdir/enhancements/fy0807/2007037579-d.html
906 _a7
_bcbc
_corignew
_d1
_eecip
_f20
_gy-gencatlg
942 _2ddc
_cBK